000
00328nam a22001337a 4500
020
_a
81-86906274
041
_a
ENG
100
_a
Agrwal .A
245
_a
Making Water Everybod Y'Business Practice And Policy Of Water Harvesting
260
_a
New Delhi
_b
CSE
_c
1997
300
_a
456
650
_a
SWCE
856
_u
SWCE ( 24 )
999
_c
1825
_d
1825